00710 2200229 4500001002100000005001700021008004100038020001800079035002400097082001300121090002000134100002500154245014600179250001100325260003800336300002300374650003600397850001500433980001100448985000600459999001500465YOGYA-0209000001121520090227022117.0 ind  a979-414-805-9 0010-020900000011215 a344.0412 a344.0412bKom P aKOMALAWATI, Veronica aPeranan informed consent dalam transaksi terapentik(persetujuan dalam hubungan dokter dan pasien) suatu tinjauan yuridiscVeronica Komalawati aCet. 2 aBandungbCitra aditya Baktic2002 axx, 242 hlmc21 cm aDokter dan pasien - Aspek hukum aYOPDYOG(B) a5-9-05 a1 a03P0000298